书目信息 |
| 题名: |
宋季三朝政要
|
|
| 作者: | (元)不详 撰 | |
| 分册: | ||
| 出版信息: | 北京 中国书店 2018.5 |
|
| 页数: | 296页 | |
| 开本: | 27cm | |
| 丛书名: | ||
| 单 册: | ||
| 中图分类: | D691.21 | |
| 科图分类: | ||
| 主题词: | 政治制度史--研究--中国--宋代 | |
| 电子资源: | ||
| ISBN: | 978-7-5149-2035-2 | |
| 000 | 00830nam0 2200229 45 | |
| 001 | 012001004897 | |
| 005 | 20140928162350.0 | |
| 010 | @a978-7-5149-2035-2@dCNY68.00 | |
| 100 | @a20180429d2018 em y0chiy0110 ea | |
| 101 | 0 | @achi |
| 102 | @aCN@b110000 | |
| 105 | @ay z 000yy | |
| 106 | @ar | |
| 200 | 1 | @a宋季三朝政要@9song ji san chao zheng yao@f(元)不详撰 |
| 210 | @a北京@c中国书店@d2018.5 | |
| 215 | @a296页@d27cm | |
| 330 | @a《宋季三朝政要》六卷,不著撰人名氏,卷首《题词》,无复可考,故纂集理、度二朝及幼主本末,附以广、益二王事。其体亦编年之流,盖宋之遗老所为也。然理宗以后国史,修《宋史》者实见之,故《本纪》所载反详於是书。 | |
| 606 | 0 | @a政治制度史@x研究@y中国@x宋代 |
| 690 | @aD691.21@v5 | |
| 701 | 0 | @a(元)不详@9( yuan ) bu xiang@4撰 |
| 801 | 0 | @aCN@b上海新华@c20180901 |
| 905 | @b1167258-62@dD691.21@e270@f5 | |
| 宋季三朝政要/(元)不详撰.-北京:中国书店,2018.5 |
| 296页;27cm |
| ISBN 978-7-5149-2035-2:CNY68.00 |
| 《宋季三朝政要》六卷,不著撰人名氏,卷首《题词》,无复可考,故纂集理、度二朝及幼主本末,附以广、益二王事。其体亦编年之流,盖宋之遗老所为也。然理宗以后国史,修《宋史》者实见之,故《本纪》所载反详於是书。 |
| ● |
| 相关链接 |
|
|
|
|
正题名:宋季三朝政要
索取号:D691.21/270
 
预约/预借
| 序号 | 登录号 | 条形码 | 馆藏地/架位号 | 状态 | 备注 |
| 1 | 1167258 | 211672581 | 第一样本阅览室/ [索取号:D691.21/270] | 在馆 | |
| 2 | 1167259 | 211672590 | 第一借阅区/ [索取号:D691.21/270] | 在馆 | |
| 3 | 1167260 | 211672607 | 第一借阅区/ [索取号:D691.21/270] | 在馆 | |
| 4 | 1167261 | 211672616 | 第一借阅区/ [索取号:D691.21/270] | 在馆 | |
| 5 | 1167262 | 211672625 | 密集书库-史法系/ [索取号:D691.21/270] | 在馆 |